[Event "SRB-chT Women 1st League 2019"]
[Site "Subotica"]
[Date "2019.08.28"]
[Round "7"]
[White "Gruic, Jadranka"]
[Black "Blagojevic, Tijana"]
[Result "1-0"]
[WhiteElo "2117"]
[BlackElo "2155"]
[Annotator "NA"]
[PlyCount "36"]
[EventDate "2019.08.23"]
[EventType "team-tourn"]
[EventCountry "SRB"]
[SourceTitle "playchess.com"]
[Source "ChessBase"]
[SourceQuality "1"]
[TimeControl "40/5400+30:1800+30"]

1. d4 {[%emt 0:19:30]} d5 {[%emt 0:07:30]} 2. Bf4 {[%emt 0:01:30]} Nf6 {[%emt 0:00:30]} 3. e3 {[%emt 0:00:30]} c5 {[%emt 0:00:30]} 4. c3 {[%emt 0:00:30]} Nc6 {[%emt 0:00:30]} 5. Nd2 {[%emt 0:00:30]} Bf5 {[%emt 0:00:30]} 6. Qb3 {[%emt 0:00:30]} Qd7 {[%emt 0:00:30]} 7. Ngf3 {[%emt 0:00:30]} c4 {[%emt 0:00:30]} 8. Qd1 {[%emt 0:00:30]} e6 {[%emt 0:00:30]} 9. h3 {[%emt 0:00:30]} h6 {[%emt 0:00:30]} 10. Be2 {[%emt 0:00:30]} Be7 {[%emt 0:03:30]} 11. O-O {[%emt 0:01:30]} O-O {[%emt 0:02:30]} 12. Ne5 {[%emt 0:06:30]} Qc8 {[%emt 0:05:30]} 13. Re1 {[%emt 0:11:30]} Nxe5 {[%emt 0:18:30]} 14. Bxe5 {[%emt 0:01:30]} b5 {[%emt 0:06:30]} 15. Bf3 {[%emt 0:05:30]} Bd3 {[%emt 0:00:30]} 16. Be2 {[%emt 0:03:30]} Bh7 {[%emt 0:04:30]} 17. Bf3 {[%emt 0:00:00]} Qc6 {[%emt 0:10:30]} 18. Rc1 {[%emt 0:44:00]} Rac8 {[%emt 0:35:30]} 1-0

[Event "SRB-chT Women 1st League 2019"]
[Site "Subotica"]
[Date "2019.08.28"]
[Round "7"]
[White "Kovacevic, Radmila"]
[Black "Injac, Teodora"]
[Result "1-0"]
[WhiteElo "2117"]
[BlackElo "2223"]
[Annotator "NA"]
[PlyCount "97"]
[EventDate "2019.08.23"]
[EventType "team-tourn"]
[EventCountry "SRB"]
[SourceTitle "playchess.com"]
[Source "ChessBase"]
[SourceQuality "1"]
[TimeControl "40/5400+30:1800+30"]

1. b3 Nf6 2. Bb2 g6 3. g4 Bg7 4. Bg2 O-O 5. h3 d6 6. e3 e5 7. Ne2 Nc6 8. d4 {[%emt 0:12:00]} exd4 {[%emt 0:34:00]} 9. Nxd4 {[%emt 0:01:30]} Bd7 {[%emt 0:05:30]} 10. Nxc6 {[%emt 0:06:30]} Bxc6 {[%emt 0:01:30]} 11. Bxc6 {[%emt 0:00:30]} bxc6 {[%emt 0:00:00]} 12. Nd2 {[%emt 0:01:30]} Re8 {[%emt 0:08:00]} 13. Qf3 {[%emt 0:04:30]} Nd5 {[%emt 0:11:30]} 14. Bxg7 {[%emt 0:04:30]} Kxg7 {[%emt 0:00:30]} 15. c4 {[%emt 0:01:30]} Nb4 {[%emt 0:08:30]} 16. O-O {[%emt 0:03:30]} c5 {[%emt 0:00:30]} 17. a3 {[%emt 0:02:30]} Nd3 {[%emt 0:00:30]} 18. Qd5 {[%emt 0:00:00]} Ne5 {[%emt 0:00:30]} 19. f4 {[%emt 0:00:00]} Nd7 {[%emt 0:01:30]} 20. Qd3 {[%emt 0:03:30]} Qe7 {[%emt 0:03:30]} 21. Rae1 {[%emt 0:01:30]} Rad8 {[%emt 0:14:53]} 22. Kg2 {[%emt 0:28:30]} Kg8 {[%emt 0:00:30]} 23. Rh1 {[%emt 0:00:30]} Qe6 {[%emt 0:00:30]} 24. Kf3 {[%emt 0:00:30]} Nf6 {[%emt 0:00:30]} 25. e4 {[%emt 0:00:30]} Nd7 {[%emt 0:00:30]} 26. h4 {[%emt 0:00:30]} Qf6 {[%emt 0:00:30]} 27. Kg3 {[%emt 0:00:30]} Nb8 {[%emt 0:00:30]} 28. Qe3 {[%emt 0:00:30]} Nc6 {[%emt 0:00:30]} 29. Nf3 {[%emt 0:00:30]} Rb8 {[%emt 0:00:30]} 30. g5 {[%emt 0:00:30]} Qe6 {[%emt 0:00:30]} 31. h5 {[%emt 0:00:30]} Nd4 {[%emt 0:00:30]} 32. Nxd4 {[%emt 0:00:30]} cxd4 {[%emt 0:00:30]} 33. Qd3 {[%emt 0:00:30]} c5 {[%emt 0:00:30]} 34. hxg6 {[%emt 0:00:30]} fxg6 {[%emt 0:00:30]} 35. b4 {[%emt 0:00:30]} a6 {[%emt 0:00:30]} 36. Re2 {[%emt 0:00:30]} cxb4 {[%emt 0:00:30]} 37. Rxh7 {[%emt 0:00:30]} Re7 {[%emt 0:00:30]} 38. Rxe7 {[%emt 0:00:30]} Qxe7 {[%emt 0:00:30]} 39. e5 {[%emt 0:00:30]} Qe6 {[%emt 0:00:30]} 40. exd6 {[%emt 0:00:30]} Qxd6 {[%emt 0:00:30]} 41. c5 {[%emt 0:30:30]} Qd7 {[%emt 0:30:30]} 42. Qxg6+ {[%emt 0:00:30]} Qg7 {[%emt 0:00:30]} 43. Re8+ {[%emt 0:00:30]} Rxe8 {[%emt 0:00:30]} 44. Qxe8+ {[%emt 0:00:30]} Kh7 {[%emt 0:00:30]} 45. axb4 {[%emt 0:00:30]} Qb7 {[%emt 0:00:30]} 46. Qh5+ {[%emt 0:00:30]} Kg8 {[%emt 0:00:30]} 47. g6 {[%emt 0:00:30]} d3 {[%emt 0:00:30]} 48. c6 {[%emt 0:00:30]} Qg7 {[%emt 0:00:30]} 49. Qh7+ {[%emt 0:00:30]} 1-0

[Event "SRB-chT Women 1st League 2019"]
[Site "Subotica"]
[Date "2019.08.28"]
[Round "7"]
[White "Tomin, Ksenija"]
[Black "Petrovic, Marija"]
[Result "1-0"]
[WhiteElo "2041"]
[BlackElo "1987"]
[Annotator "NA"]
[PlyCount "40"]
[EventDate "2019.08.23"]
[EventType "team-tourn"]
[EventCountry "SRB"]
[SourceTitle "playchess.com"]
[Source "ChessBase"]
[SourceQuality "1"]
[TimeControl "40/5400+30:1800+30"]

1. e4 {[%emt 0:38:30]} e5 {[%emt 0:01:30]} 2. Nf3 {[%emt 0:00:30]} Qe7 {[%emt 0:00:30]} 3. Nc3 {[%emt 0:00:30]} c6 {[%emt 0:00:30]} 4. d4 {[%emt 0:00:30]} d6 {[%emt 0:00:30]} 5. Bc4 {[%emt 0:00:30]} h6 {[%emt 0:00:30]} 6. O-O {[%emt 0:00:30]} Nf6 {[%emt 0:00:30]} 7. a4 {[%emt 0:01:30]} Qc7 {[%emt 0:00:30]} 8. a5 {[%emt 0:00:30]} Be7 {[%emt 0:00:30]} 9. h3 {[%emt 0:00:30]} Nbd7 {[%emt 0:00:30]} 10. Be3 {[%emt 0:00:30]} Nf8 {[%emt 0:00:30]} 11. Nd2 {[%emt 0:00:30]} g5 {[%emt 0:00:30]} 12. dxe5 {[%emt 0:08:30]} dxe5 {[%emt 0:00:00]} 13. f3 {[%emt 0:06:30]} Ng6 {[%emt 0:04:00]} 14. Qe1 {[%emt 0:07:30]} Nf4 {[%emt 0:02:30]} 15. Qf2 {[%emt 0:02:30]} N6h5 {[%emt 0:06:30]} 16. Rfd1 {[%emt 0:07:30]} Bxh3 {[%emt 0:11:30]} 17. g3 {[%emt 0:01:30]} Rg8 {[%emt 0:04:30]} 18. Kh2 {[%emt 0:14:46]} Bf8 {[%emt 0:36:30]} 19. Bc5 {[%emt 0:00:29]} O-O-O {[%emt 0:02:30]} 20. Bxf8 {[%emt 0:00:14]} Nf6 {[%emt 0:00:00]} 1-0

[Event "SRB-chT Women 1st League 2019"]
[Site "Subotica"]
[Date "2019.08.29"]
[Round "8"]
[White "Bulmaga, Irina"]
[Black "Batsiashvili, Nino"]
[Result "1/2-1/2"]
[WhiteElo "2444"]
[BlackElo "2416"]
[Annotator "NA"]
[PlyCount "84"]
[EventDate "2019.08.23"]
[EventType "team-tourn"]
[EventCountry "SRB"]
[SourceTitle "playchess.com"]
[Source "ChessBase"]
[SourceQuality "1"]
[TimeControl "40/5400+30:1800+30"]

1. e4 {[%emt 0:00:30]} c6 {[%emt 0:00:30]} 2. d4 {[%emt 0:00:00]} d5 {[%emt 0:00:00]} 3. e5 {[%emt 0:00:00]} Bf5 {[%emt 0:00:00]} 4. Nf3 {[%emt 0:00:30]} e6 {[%emt 0:00:30]} 5. Be2 {[%emt 0:00:00]} Ne7 {[%emt 0:00:00]} 6. O-O {[%emt 0:00:00]} Ng6 {[%emt 0:00:00]} 7. Be3 {[%emt 0:08:30]} Nd7 {[%emt 0:00:30]} 8. Ne1 {[%emt 0:04:30]} h5 {[%emt 0:01:30]} 9. Nd2 {[%emt 0:10:30]} h4 {[%emt 0:05:30]} 10. h3 {[%emt 0:01:30]} c5 {[%emt 0:02:30]} 11. c3 {[%emt 0:07:30]} Qb6 {[%emt 0:04:30]} 12. b4 {[%emt 0:03:30]} c4 {[%emt 0:14:30]} 13. a4 {[%emt 0:16:30]} a5 {[%emt 0:00:30]} 14. b5 {[%emt 0:05:30]} f6 {[%emt 0:04:30]} 15. Bg4 {[%emt 0:04:30]} Ne7 {[%emt 0:05:30]} 16. Bh5+ {[%emt 0:08:30]} g6 {[%emt 0:01:30]} 17. Be2 {[%emt 0:00:30]} Bg7 {[%emt 0:04:30]} 18. exf6 {[%emt 0:02:30]} Bxf6 {[%emt 0:01:30]} 19. Ndf3 {[%emt 0:04:34]} Nc8 {[%emt 0:08:30]} 20. Ne5 {[%emt 0:03:29]} Nd6 {[%emt 0:01:30]} 21. N1f3 {[%emt 0:02:01]} O-O-O {[%emt 0:02:30]} 22. Qc1 {[%emt 0:00:21]} Rdg8 {[%emt 0:08:30]} 23. Nh2 {[%emt 0:00:45]} g5 {[%emt 0:10:30]} 24. Nhg4 {[%emt 0:00:22]} Qd8 {[%emt 0:04:10]} 25. Bf3 {[%emt 0:07:23]} Be7 {[%emt 0:04:05]} 26. Re1 {[%emt 0:00:41]} Nf6 {[%emt 0:03:32]} 27. Ra2 {[%emt 0:01:03]} Nxg4 {[%emt 0:02:37]} 28. Nxg4 {[%emt 0:00:30]} Ne4 {[%emt 0:00:23]} 29. Ne5 {[%emt 0:02:01]} Rh7 {[%emt 0:00:14]} 30. Bxe4 {[%emt 0:01:14]} Bxe4 {[%emt 0:00:12]} 31. f3 {[%emt 0:00:27]} Bf5 {[%emt 0:00:20]} 32. Bf2 {[%emt 0:00:49]} Bd6 {[%emt 0:00:42]} 33. Rae2 {[%emt 0:00:45]} Rhg7 {[%emt 0:01:45]} 34. Kh1 {[%emt 0:00:12]} Qf8 {[%emt 0:01:29]} 35. Qe3 {[%emt 0:02:57]} Bb8 {[%emt 0:01:58]} 36. Ra2 {[%emt 0:00:02]} Qd8 {[%emt 0:04:12]} 37. Bg1 {[%emt 0:00:20]} Bd6 {[%emt 0:00:30]} 38. Bh2 {[%emt 0:00:40]} Qc7 {[%emt 0:00:25]} 39. Rb2 {[%emt 0:00:00]} b6 {[%emt 0:00:00]} 40. Qg1 {[%emt 0:00:00]} Rf8 {[%emt 0:00:00]} 41. Rbe2 {[%emt 0:05:54]} Rf6 {[%emt 0:05:26]} 42. Re3 {[%emt 0:03:30]} Kb7 {[%emt 0:03:30]} 1/2-1/2

[Event "SRB-chT Women 1st League 2019"]
[Site "Subotica"]
[Date "2019.08.29"]
[Round "8"]
[White "Rapport, Jovana"]
[Black "Doluhanova, Evgeniya"]
[Result "0-1"]
[WhiteElo "2370"]
[BlackElo "2305"]
[Annotator "NA"]
[PlyCount "136"]
[EventDate "2019.08.23"]
[EventType "team-tourn"]
[EventCountry "SRB"]
[SourceTitle "playchess.com"]
[Source "ChessBase"]
[SourceQuality "1"]
[TimeControl "40/5400+30:1800+30"]

1. d4 {[%emt 0:00:30]} Nf6 {[%emt 0:00:30]} 2. Nf3 {[%emt 0:00:00]} e6 {[%emt 0:00:00]} 3. Bf4 {[%emt 0:00:00]} d5 {[%emt 0:00:00]} 4. e3 {[%emt 0:00:30]} Bd6 {[%emt 0:00:00]} 5. Bd3 {[%emt 0:03:30]} b6 {[%emt 0:01:00]} 6. Ne5 {[%emt 0:01:30]} Ba6 {[%emt 0:03:30]} 7. Bxa6 {[%emt 0:22:30]} Nxa6 {[%emt 0:00:00]} 8. Qe2 {[%emt 0:00:00]} Nb8 {[%emt 0:00:00]} 9. Qb5+ {[%emt 0:00:00]} Nfd7 {[%emt 0:15:30]} 10. Nd2 {[%emt 0:09:30]} a6 {[%emt 0:01:30]} 11. Qe2 {[%emt 0:00:30]} Qe7 {[%emt 0:01:30]} 12. c4 {[%emt 0:04:30]} Bxe5 {[%emt 0:04:30]} 13. dxe5 {[%emt 0:00:30]} Nc6 {[%emt 0:00:30]} 14. Rc1 {[%emt 0:08:30]} Ndxe5 {[%emt 0:00:30]} 15. cxd5 {[%emt 0:00:30]} exd5 {[%emt 0:00:30]} 16. O-O {[%emt 0:00:30]} O-O {[%emt 0:00:30]} 17. Nf3 {[%emt 0:03:30]} Rfd8 {[%emt 0:19:30]} 18. Rc3 {[%emt 0:03:30]} Nxf3+ {[%emt 0:01:30]} 19. Qxf3 {[%emt 0:07:30]} Ne5 {[%emt 0:00:30]} 20. Bxe5 {[%emt 0:04:30]} Qxe5 {[%emt 0:00:00]} 21. Rc6 {[%emt 0:00:00]} Rd7 {[%emt 0:00:00]} 22. b3 {[%emt 0:00:00]} Re8 {[%emt 0:02:30]} 23. g3 {[%emt 0:02:30]} Re6 {[%emt 0:02:30]} 24. Rfc1 {[%emt 0:01:30]} g6 {[%emt 0:03:30]} 25. Qg4 {[%emt 0:07:37]} a5 {[%emt 0:07:30]} 26. Qa4 {[%emt 0:00:37]} Rxc6 {[%emt 0:00:30]} 27. Qxc6 {[%emt 0:00:54]} Qe6 {[%emt 0:00:30]} 28. Kf1 {[%emt 0:05:39]} Re7 {[%emt 0:07:30]} 29. a3 {[%emt 0:04:02]} Kg7 {[%emt 0:06:30]} 30. Qc3+ {[%emt 0:01:51]} Qf6 {[%emt 0:01:30]} 31. Qxf6+ {[%emt 0:02:18]} Kxf6 {[%emt 0:00:00]} 32. Rc6+ {[%emt 0:00:02]} Ke5 {[%emt 0:00:00]} 33. b4 {[%emt 0:02:44]} axb4 {[%emt 0:02:30]} 34. axb4 {[%emt 0:00:01]} d4 {[%emt 0:00:30]} 35. exd4+ {[%emt 0:04:42]} Kxd4 {[%emt 0:00:30]} 36. Kg2 {[%emt 0:00:00]} h5 {[%emt 0:00:30]} 37. Kf3 {[%emt 0:01:23]} Ke5 {[%emt 0:00:30]} 38. h4 {[%emt 0:00:17]} Kf5 {[%emt 0:00:30]} 39. b5 {[%emt 0:00:46]} f6 {[%emt 0:00:00]} 40. Kg2 {[%emt 0:00:00]} g5 {[%emt 0:00:00]} 41. hxg5 {[%emt 0:00:37]} fxg5 {[%emt 0:03:30]} 42. Kh2 {[%emt 0:01:30]} g4 {[%emt 0:03:30]} 43. Kg2 {[%emt 0:00:30]} Re5 {[%emt 0:00:00]} 44. Rxc7 {[%emt 0:02:30]} Rxb5 {[%emt 0:00:00]} 45. Rb7 {[%emt 0:00:30]} Ke4 {[%emt 0:01:30]} 46. Rb8 {[%emt 0:00:30]} Kd5 {[%emt 0:00:30]} 47. Rh8 {[%emt 0:01:30]} Kc6 {[%emt 0:00:30]} 48. Rh6+ {[%emt 0:01:30]} Kb7 {[%emt 0:00:30]} 49. f4 {[%emt 0:02:30]} gxf3+ {[%emt 0:09:30]} 50. Kxf3 {[%emt 0:00:30]} Ka6 {[%emt 0:00:00]} 51. Rg6 {[%emt 0:03:30]} Ka5 {[%emt 0:01:00]} 52. Ke3 {[%emt 0:00:30]} Rd5 {[%emt 0:01:30]} 53. Ke4 {[%emt 0:00:30]} Rc5 {[%emt 0:00:30]} 54. Kd4 {[%emt 0:01:30]} Kb5 {[%emt 0:04:30]} 55. Kd3 {[%emt 0:00:30]} Ka5 {[%emt 0:02:30]} 56. g4 {[%emt 0:05:23]} hxg4 {[%emt 0:00:00]} 57. Rxg4 {[%emt 0:00:37]} b5 {[%emt 0:00:00]} 58. Rg8 {[%emt 0:05:33]} Ka4 {[%emt 0:00:30]} 59. Kd2 {[%emt 0:00:14]} b4 {[%emt 0:01:30]} 60. Ra8+ {[%emt 0:01:19]} Kb3 {[%emt 0:00:00]} 61. Rb8 {[%emt 0:00:14]} Ka3 {[%emt 0:00:00]} 62. Rb7 {[%emt 0:04:38]} b3 {[%emt 0:00:30]} 63. Rb8 {[%emt 0:00:18]} Kb2 {[%emt 0:00:30]} 64. Kd3 {[%emt 0:00:14]} Rc7 {[%emt 0:02:30]} 65. Rh8 {[%emt 0:02:32]} Kb1 {[%emt 0:02:30]} 66. Rb8 {[%emt 0:01:07]} b2 {[%emt 0:01:30]} 67. Rh8 {[%emt 0:00:42]} Ra7 {[%emt 0:01:30]} 68. Rb8 {[%emt 0:02:55]} Ka1 {[%emt 0:00:30]} 0-1

[Event "SRB-chT Women 1st League 2019"]
[Site "Subotica"]
[Date "2019.08.29"]
[Round "8"]
[White "Belenkaya, Dina"]
[Black "Atalik, Ekaterina"]
[Result "1/2-1/2"]
[WhiteElo "2298"]
[BlackElo "2456"]
[Annotator "ChessBase"]
[PlyCount "112"]
[EventDate "2019.08.23"]
[EventType "team-tourn"]
[EventCountry "SRB"]
[SourceTitle "playchess.com"]
[Source "ChessBase"]
[SourceQuality "1"]
[TimeControl "40/5400+30:1800+30"]

1. e4 {[%emt 0:00:30]} c6 {[%emt 0:00:30]} 2. d4 {[%emt 0:00:00]} d5 {[%emt 0:00:00]} 3. Nc3 {[%emt 0:00:00]} dxe4 {[%emt 0:00:00]} 4. Nxe4 {[%emt 0:00:30]} Bf5 {[%emt 0:00:30]} 5. Ng3 {[%emt 0:00:00]} Bg6 {[%emt 0:00:00]} 6. h4 {[%emt 0:00:00]} h6 {[%emt 0:01:00]} 7. Nf3 {[%emt 0:03:30]} e6 {[%emt 0:00:30]} 8. Ne5 {[%emt 0:00:30]} Bd6 {[%emt 0:00:30]} 9. Bd3 {[%emt 0:00:30]} Bxd3 {[%emt 0:00:30]} 10. Qxd3 {[%emt 0:00:30]} Nd7 {[%emt 0:00:30]} 11. f4 {[%emt 0:20:30]} Ngf6 {[%emt 0:15:30]} 12. Qf3 {[%emt 0:00:30]} Qc7 {[%emt 0:00:30]} 13. Bd2 {[%emt 0:00:30]} O-O {[%emt 0:00:30]} 14. O-O-O {[%emt 0:00:30]} c5 {[%emt 0:00:30]} 15. Nxd7 {[%emt 0:01:30]} Nxd7 {[%emt 0:00:30]} 16. Kb1 {[%emt 0:00:30]} cxd4 {[%emt 0:00:30]} 17. c3 {[%emt 0:00:30]} Qb6 {[%emt 0:00:30]} 18. Ne4 {[%emt 0:00:30]} Qc7 {[%emt 0:00:30]} 19. Nxd6 {[%emt 0:00:30]} Qxd6 {[%emt 0:00:30]} 20. Bc1 {[%emt 0:07:30]} Qc7 {[%emt 0:11:30]} 21. Rxd4 {[%emt 0:01:30]} f5 {[%emt 0:05:30]} 22. Re1 {[%emt 0:02:30]} Rfe8 {[%emt 0:03:30]} 23. g4 {[%emt 0:11:30]} fxg4 {[%emt 0:08:30]} 24. Qxg4 {[%emt 0:00:30]} Nf6 {[%emt 0:03:30]} 25. Qh3 {[%emt 0:03:30]} Qf7 {[%emt 0:06:30]} 26. Rd6 {[%emt 0:09:30]} Qg6+ {[%emt 0:02:30]} 27. Ka1 {[%emt 0:01:30]} Qf5 {[%emt 0:12:30]} 28. Qg2 {[%emt 0:01:30]} Re7 {[%emt 0:05:30]} 29. Re5 {[%emt 0:12:30]} Qg4 {[%emt 0:00:00]} 30. Qh1 {[%emt 0:05:50]} Rae8 {[%emt 0:02:47]} 31. c4 {[%emt 0:07:10]} Rd7 {[%emt 0:05:46]} 32. c5 {[%emt 0:02:28]} Rxd6 {[%emt 0:01:48]} 33. cxd6 {[%emt 0:00:04]} Rd8 {[%emt 0:02:24]} 34. Qxb7 {[%emt 0:01:14]} Qd1 {[%emt 0:00:39]} 35. Rc5 {[%emt 0:00:35]} Rd7 {[%emt 0:02:59]} 36. Qb8+ {[%emt 0:01:42]} Kh7 {[%emt 0:00:22]} 37. Rc6 {[%emt 0:02:41]} Qd5 {[%emt 0:01:08]} 38. Rc8 {[%emt 0:02:09]} Qxd6 {[%emt 0:00:28]} 39. Qxd6 {[%emt 0:00:15]} Rxd6 {[%emt 0:00:04]} 40. b4 {[%emt 0:00:00]} a6 {[%emt 0:00:00]} 41. Kb2 {[%emt 0:03:52]} Nd5 {[%emt 0:03:05]} 42. Kb3 {[%emt 0:02:30]} Kg6 {[%emt 0:19:05]} 43. Rf8 {[%emt 0:15:33]} Kh5 {[%emt 0:00:33]} 44. Bb2 {[%emt 0:00:30]} g6 {[%emt 0:00:37]} 45. Bg7 {[%emt 0:00:30]} Rb6 {[%emt 0:00:35]} 46. a3 {[%emt 0:00:55]} Rb7 {[%emt 0:00:30]} 47. Be5 {[%emt 0:01:13]} a5 {[%emt 0:03:17]} 48. Bd6 {[%emt 0:00:19]} axb4 {[%emt 0:00:29]} 49. axb4 {[%emt 0:00:23]} Kxh4 {[%emt 0:02:26]} 50. Rh8 {[%emt 0:01:56]} Kg4 {[%emt 0:04:19]} 51. Rxh6 {[%emt 0:00:41]} Nxf4 {[%emt 0:00:13]} 52. Kc4 {[%emt 0:05:41]} g5 {[%emt 0:00:47]} 53. Rf6 {[%emt 0:01:26]} e5 {[%emt 0:02:41]} 54. Bxe5 {[%emt 0:01:06]} Rxb4+ {[%emt 0:00:07]} 55. Kxb4 {[%emt 0:00:07]} Nd5+ {[%emt 0:00:08]} 56. Kc5 {[%emt 0:00:03]} Nxf6 {[%emt 0:00:02]} 1/2-1/2

[Event "SRB-chT Women 1st League 2019"]
[Site "Subotica"]
[Date "2019.08.29"]
[Round "8"]
[White "Eric, Jovana"]
[Black "Nestorovic, Katarina"]
[Result "1-0"]
[WhiteElo "2270"]
[BlackElo "2159"]
[Annotator "NA"]
[PlyCount "81"]
[EventDate "2019.08.23"]
[EventType "team-tourn"]
[EventCountry "SRB"]
[SourceTitle "playchess.com"]
[Source "ChessBase"]
[SourceQuality "1"]
[TimeControl "40/5400+30:1800+30"]

1. e4 {[%emt 0:00:30]} c5 {[%emt 0:00:30]} 2. Nf3 {[%emt 0:00:00]} e6 {[%emt 0:00:00]} 3. d4 {[%emt 0:00:00]} cxd4 {[%emt 0:00:00]} 4. Nxd4 {[%emt 0:00:30]} Nf6 {[%emt 0:00:00]} 5. Nc3 {[%emt 0:00:00]} d6 {[%emt 0:00:00]} 6. Be3 {[%emt 0:00:00]} a6 {[%emt 0:00:30]} 7. f3 {[%emt 0:00:30]} b5 {[%emt 0:02:30]} 8. Qd2 {[%emt 0:01:30]} Nbd7 {[%emt 0:01:30]} 9. a4 {[%emt 0:08:30]} b4 {[%emt 0:03:30]} 10. Na2 {[%emt 0:00:30]} d5 {[%emt 0:00:30]} 11. Nxb4 {[%emt 0:01:30]} dxe4 {[%emt 0:02:30]} 12. c3 {[%emt 0:07:30]} Bb7 {[%emt 0:03:30]} 13. Be2 {[%emt 0:00:30]} Qc7 {[%emt 0:00:30]} 14. O-O {[%emt 0:01:30]} Bd6 {[%emt 0:12:30]} 15. f4 {[%emt 0:00:30]} O-O {[%emt 0:01:30]} 16. Rad1 {[%emt 0:02:30]} Bc5 {[%emt 0:06:30]} 17. Kh1 {[%emt 0:03:30]} Rfd8 {[%emt 0:09:30]} 18. Qe1 {[%emt 0:08:30]} Bxb4 {[%emt 0:02:30]} 19. cxb4 {[%emt 0:00:00]} Nd5 {[%emt 0:00:30]} 20. Bc1 {[%emt 0:05:00]} Qb6 {[%emt 0:06:30]} 21. f5 {[%emt 0:16:30]} e5 {[%emt 0:00:30]} 22. Nc2 {[%emt 0:00:30]} Rac8 {[%emt 0:12:30]} 23. a5 {[%emt 0:00:30]} Qc6 {[%emt 0:01:30]} 24. Na3 {[%emt 0:04:30]} Qa4 {[%emt 0:05:30]} 25. b5 {[%emt 0:04:30]} e3 {[%emt 0:06:30]} 26. bxa6 {[%emt 0:01:30]} Bc6 {[%emt 0:02:31]} 27. b3 {[%emt 0:03:30]} Qxb3 {[%emt 0:18:07]} 28. Bc4 {[%emt 0:00:00]} Qa4 {[%emt 0:00:54]} 29. Bxd5 {[%emt 0:02:00]} Bxd5 {[%emt 0:00:07]} 30. Rxd5 {[%emt 0:00:00]} Qe4 {[%emt 0:00:00]} 31. Rd6 {[%emt 0:09:37]} e2 {[%emt 0:00:02]} 32. Rg1 {[%emt 0:00:00]} Nc5 {[%emt 0:00:32]} 33. Rxd8+ {[%emt 0:00:23]} Rxd8 {[%emt 0:00:02]} 34. Bd2 {[%emt 0:01:06]} Nd3 {[%emt 0:00:39]} 35. Qg3 {[%emt 0:00:09]} Qxf5 {[%emt 0:00:11]} 36. Be1 {[%emt 0:01:43]} Qf1 {[%emt 0:02:27]} 37. a7 {[%emt 0:01:14]} Nxe1 {[%emt 0:00:53]} 38. Qxe1 {[%emt 0:00:25]} Qxe1 {[%emt 0:00:32]} 39. Rxe1 {[%emt 0:00:05]} f6 {[%emt 0:00:21]} 40. Kg1 {[%emt 0:00:00]} Ra8 {[%emt 0:00:00]} 41. Nb5 {[%emt 0:01:18]} 1-0

[Event "SRB-chT Women 1st League 2019"]
[Site "Subotica"]
[Date "2019.08.29"]
[Round "8"]
[White "Manakova, Maria"]
[Black "Dimitrijevic, Aleksandra"]
[Result "1-0"]
[WhiteElo "2237"]
[BlackElo "2142"]
[Annotator "NA"]
[PlyCount "107"]
[EventDate "2019.08.23"]
[EventType "team-tourn"]
[EventCountry "SRB"]
[SourceTitle "playchess.com"]
[Source "ChessBase"]
[SourceQuality "1"]
[TimeControl "40/5400+30:1800+30"]

1. e4 {[%emt 0:00:30]} e5 {[%emt 0:00:30]} 2. Nf3 {[%emt 0:00:00]} Nc6 {[%emt 0:00:30]} 3. Bc4 {[%emt 0:00:00]} d6 {[%emt 0:00:00]} 4. d4 {[%emt 0:02:30]} exd4 {[%emt 0:00:00]} 5. Nxd4 {[%emt 0:00:00]} g6 {[%emt 0:00:00]} 6. Nxc6 {[%emt 0:08:00]} bxc6 {[%emt 0:01:00]} 7. Qf3 {[%emt 0:00:30]} Qf6 {[%emt 0:05:30]} 8. Qg3 {[%emt 0:03:30]} Qe7 {[%emt 0:02:30]} 9. O-O {[%emt 0:03:30]} Bg7 {[%emt 0:07:30]} 10. Nc3 {[%emt 0:00:30]} Nf6 {[%emt 0:03:30]} 11. Bg5 {[%emt 0:06:30]} h6 {[%emt 0:01:30]} 12. Bd2 {[%emt 0:03:30]} Be6 {[%emt 0:05:30]} 13. Be2 {[%emt 0:24:30]} Bd7 {[%emt 0:29:30]} 14. Rae1 {[%emt 0:03:30]} O-O {[%emt 0:05:30]} 15. Bd1 {[%emt 0:00:30]} Rae8 {[%emt 0:08:30]} 16. f4 {[%emt 0:01:30]} Kh7 {[%emt 0:02:30]} 17. Kh1 {[%emt 0:01:30]} Qd8 {[%emt 0:01:30]} 18. Bf3 {[%emt 0:05:30]} Re7 {[%emt 0:06:12]} 19. Qh4 {[%emt 0:09:30]} Ng8 {[%emt 0:02:21]} 20. g4 {[%emt 0:04:30]} f5 {[%emt 0:01:12]} 21. exf5 {[%emt 0:00:30]} gxf5 {[%emt 0:00:10]} 22. g5 {[%emt 0:00:30]} Rxe1 {[%emt 0:02:07]} 23. Bxe1 {[%emt 0:02:05]} Ne7 {[%emt 0:01:23]} 24. Qg3 {[%emt 0:06:14]} Be6 {[%emt 0:01:55]} 25. Rg1 {[%emt 0:03:27]} c5 {[%emt 0:00:59]} 26. Qg2 {[%emt 0:01:12]} Qd7 {[%emt 0:03:22]} 27. Bh4 {[%emt 0:00:57]} Rg8 {[%emt 0:02:44]} 28. g6+ {[%emt 0:02:24]} Kh8 {[%emt 0:00:05]} 29. Qh3 {[%emt 0:02:14]} Re8 {[%emt 0:00:38]} 30. Bg5 {[%emt 0:01:25]} Ng8 {[%emt 0:00:07]} 31. Nd5 {[%emt 0:00:19]} c6 {[%emt 0:00:59]} 32. Ne3 {[%emt 0:01:22]} d5 {[%emt 0:00:11]} 33. Be2 {[%emt 0:01:18]} d4 {[%emt 0:00:10]} 34. Ng2 {[%emt 0:00:25]} c4 {[%emt 0:01:25]} 35. Bh4 {[%emt 0:00:57]} Bd5 {[%emt 0:01:13]} 36. Bf3 {[%emt 0:00:03]} Re6 {[%emt 0:00:14]} 37. Ne1 {[%emt 0:00:30]} Re3 {[%emt 0:01:12]} 38. Bf2 {[%emt 0:00:25]} Re7 {[%emt 0:01:53]} 39. Qg2 {[%emt 0:00:47]} Be4 {[%emt 0:00:27]} 40. Bh4 {[%emt 0:00:00]} Re8 {[%emt 0:00:00]} 41. b3 {[%emt 0:07:26]} d3 {[%emt 0:09:01]} 42. bxc4 {[%emt 0:00:30]} d2 {[%emt 0:00:00]} 43. Nd3 {[%emt 0:00:30]} Bxd3 {[%emt 0:01:00]} 44. Qxd2 {[%emt 0:00:30]} Re2 {[%emt 0:04:30]} 45. Qxd3 {[%emt 0:00:30]} Qxd3 {[%emt 0:00:00]} 46. cxd3 {[%emt 0:00:30]} Rxa2 {[%emt 0:00:00]} 47. Bxc6 {[%emt 0:01:30]} Bd4 {[%emt 0:00:30]} 48. Rb1 {[%emt 0:02:30]} Nf6 {[%emt 0:03:18]} 49. Bxf6+ {[%emt 0:01:30]} Bxf6 {[%emt 0:00:05]} 50. Rb7 {[%emt 0:00:30]} Bd4 {[%emt 0:00:46]} 51. Rh7+ {[%emt 0:00:30]} Kg8 {[%emt 0:00:04]} 52. Bd5+ {[%emt 0:00:00]} Kf8 {[%emt 0:00:17]} 53. Rf7+ {[%emt 0:00:00]} Ke8 {[%emt 0:00:30]} 54. Bc6+ 1-0